The woman in me /

Uloženo v:
Podrobná bibliografie
Hlavní autor: Spears, Britney (Autor)
Korporativní autor: Longanesi & C. (casa editrice)
Další autoři: Maugeri, Giuseppe, (1976- ) (Překladatel), Lucca, Paolo (Překladatel)
Médium: Kniha
Jazyk:italština
Vydáno: Milano : Longanesi, 2023
Edice:Il cammeo ; 683
Témata:
Tagy: Přidat tag
Žádné tagy, Buďte první, kdo vytvoří štítek k tomuto záznamu!

MARC

LEADER 00000nam a22000007i 4500
001 IT\ICCU\RL1\0099257
003 ItRI
005 20240410204648.0
008 231030s2023 it |||||| ||||| |||||c
020 |a 9788830460188 
040 |b ita  |c GP 
041 7 |a ita  |2 ISO-639-2 
082 |a 782.42164092  |2 23 
100 1 |a Spears, Britney  |0 IT\ICCU\LO1V\209040  |4 aut 
240 1 3 |a The woman in me  |9 Spears, Britney 
245 1 4 |a The woman in me /  |c di Britney Spears ; [traduzione di Paolo Lucca e Giuseppe Maugeri]. 
260 |a Milano :  |b Longanesi,  |c 2023 
300 |a 279 p. ;  |c 22 cm 
650 7 |a Spears, Britney  |2 scbi 
700 1 |a Maugeri, Giuseppe,  |d  (1976- )  |0 IT\ICCU\MODV\641806  |4 trl 
700 1 |a Lucca, Paolo  |0 IT\ICCU\TSAV\471641  |4 trl 
710 2 |a Longanesi & C. (casa editrice)  |0 IT\ICCU\RCAV\271761 
830 3 |a Il cammeo ;  |v 683  |0 IT\ICCU\RAV\0117480 
942 |2 ddc  |c BK 
952 |0 0  |1 0  |2 ddc  |4 0  |6 782_421000000000000_SPE  |7 1  |9 1256  |a RM  |b RM  |d 2024-04-10  |l 0  |o 782 421 SPE  |p 840  |r 2024-04-10 20:47:08  |w 2024-04-10  |y BK 
981 1 |6 z01  |a i   |b xxxe  
982 1 |6 z01  |a n 
999 |c 1158  |d 1158